[Event "Las Palmas Insular-chT Pref-B"]
[Site "Las Palmas"]
[Date "2015.01.24"]
[Round "5.1"]
[White "Santana Montjoy, Javier"]
[Black "Schlittermann, Wolfgang"]
[Result "1-0"]
[WhiteElo "1757"]
[BlackElo "1731"]
[PlyCount "47"]
[EventDate "2014.11.22"]
[EventType "team-tourn"]
[EventRounds "14"]
[EventCountry "ESP"]
[SourceTitle "EXT 2016"]
[Source "ChessBase"]
[SourceDate "2015.10.08"]
[SourceVersion "1"]
[SourceVersionDate "2015.10.08"]
[SourceQuality "1"]
[WhiteTeam "La Caja de Canarias II"]
[BlackTeam "La Bagacera II"]
[WhiteTeamCountry "ESP"]
[BlackTeamCountry "ESP"]

1. d4 Nf6 2. c4 e6 3. Nf3 Bb4+ 4. Bd2 Bxd2+ 5. Qxd2 h6 6. Nc3 a6 7. e4 d6 8. 0-0-0 b6 9. Bd3 Bb7 10. e5 Bxf3 11. gxf3 dxe5 12. dxe5 Nfd7 13. Be4 Ra7 14. Rhg1 Ke7 15. Rxg7 Qf8 16. Rgg1 Nxe5 17. Qd4 Ned7 18. Bc6 Nf6 19. Ba4 Qc8 20. Qh4 Rh7 21. Nd5+ exd5 22. Rde1+ Kf8 23. Qxf6 c6 24. Qd6+ 1-0

[Event "Las Palmas Centro Goya op"]
[Site "Las Palmas"]
[Date "2014.12.04"]
[Round "4"]
[White "Perdomo Suarez, Juan Manuel"]
[Black "Schlittermann, Wolfgang"]
[Result "0-1"]
[WhiteElo "1346"]
[BlackElo "1731"]
[PlyCount "74"]
[EventDate "2014.12.01"]
[EventType "swiss"]
[EventRounds "9"]
[EventCountry "ESP"]
[SourceTitle "CBM 163 Extra"]
[Source "ChessBase"]
[SourceDate "2014.12.23"]
[SourceVersion "1"]
[SourceVersionDate "2014.12.23"]
[SourceQuality "1"]

1. e4 c5 2. Nf3 e6 3. d4 cxd4 4. Nxd4 Nf6 5. Bd3 Bc5 6. Nb3 Be7 7. c4 d6 8. Nc3 a6 9. 0-0 Bd7 10. Be3 Nc6 11. Qc2 Rc8 12. Rae1 Ne5 13. Nd2 Nxd3 14. Qxd3 Ng4 15. Bf4 e5 16. Bg3 Be6 17. b3 Nf6 18. f3 Nh5 19. Bf2 Nf4 20. Qb1 Bg5 21. Qb2 Nd3 22. Qc2 Nxe1 23. Rxe1 b5 24. cxb5 axb5 25. Ndb1 b4 26. Qd3 bxc3 27. Nxc3 0-0 28. Nb5 Be7 29. a4 d5 30. Rb1 dxe4 31. Qxe4 Bf6 32. b4 Bb3 33. a5 Bc2 34. Qe1 Bxb1 35. Qxb1 Qd2 36. Bc5 Rfd8 37. Qf5 Qe1# 0-1

[Event "Las Palmas Centro Goya op"]
[Site "Las Palmas"]
[Date "2014.12.02"]
[Round "2"]
[White "Roque Hernandez, Francisco"]
[Black "Schlittermann, Wolfgang"]
[Result "0-1"]
[WhiteElo "1421"]
[BlackElo "1731"]
[PlyCount "140"]
[EventDate "2014.12.01"]
[EventType "swiss"]
[EventRounds "9"]
[EventCountry "ESP"]
[SourceTitle "CBM 163 Extra"]
[Source "ChessBase"]
[SourceDate "2014.12.23"]
[SourceVersion "1"]
[SourceVersionDate "2014.12.23"]
[SourceQuality "1"]

1. e4 c5 2. Nf3 e6 3. d4 cxd4 4. Nxd4 Nc6 5. Be3 Nf6 6. Bd3 Bb4+ 7. c3 Ba5 8. 0-0 Nxd4 9. cxd4 0-0 10. Qc2 Qc7 11. Nc3 Ng4 12. e5 f5 13. Bf4 Bxc3 14. bxc3 Nf6 15. exf6 Qxf4 16. fxg7 Rf7 17. Rae1 b6 18. Re3 Rxg7 19. Rg3 Bb7 20. Rxg7+ Kxg7 21. Qe2 Rc8 22. g3 Qd6 23. Qd2 h6 24. Rc1 Qd5 25. Kf1 Qg2+ 26. Ke1 Qxh2 27. Qe3 Qh1+ 28. Ke2 Qd5 29. c4 Qa5 30. Rc2 Ba6 31. d5 Qc5 32. Qe5+ Kf7 33. dxe6+ dxe6 34. Qf4 Kg7 35. Rc1 Qc7 36. Qh4 Qe5+ 37. Kf1 Qd6 38. Ke2 Qa3 39. Qd4+ Kf7 40. Qd7+ Qe7 41. Qa4 Bb7 42. Rd1 Rc5 43. f4 Ra5 44. Qc2 Qa3 45. Ra1 Qc5 46. Rd1 Qc6 47. Kd2 Qg2+ 48. Be2 Qxg3 49. Kc1 Qe3+ 50. Kb2 Qa3+ 51. Ka1 Bc6 52. Bh5+ Ke7 53. Qd2 Bd5 54. cxd5 Rxd5 55. Qc2 Rxd1+ 56. Qxd1 Qc3+ 57. Kb1 Qb4+ 58. Qb3 Qe4+ 59. Kb2 Qxf4 60. Qa3+ Kf6 61. Qxa7 Qh2+ 62. Kb3 Qxh5 63. Qxb6 Qf3+ 64. Kb4 Qe4+ 65. Kc3 Qe1+ 66. Kc2 Qe2+ 67. Kb3 Qd1+ 68. Kc3 Qa1+ 69. Qb2 Qxb2+ 70. Kxb2 h5 0-1

[Event "Las Palmas op 34th"]
[Site "Las Palmas"]
[Date "2013.12.08"]
[Round "9"]
[White "Biscarri Candalia, Oscar"]
[Black "Schlittermann, Wolfgang"]
[Result "0-1"]
[WhiteElo "1492"]
[BlackElo "1760"]
[PlyCount "102"]
[EventDate "2013.12.02"]
[EventType "swiss"]
[EventRounds "9"]
[EventCountry "ESP"]
[SourceTitle "CBM 157 Extra"]
[Source "ChessBase"]
[SourceDate "2013.12.19"]
[SourceVersion "1"]
[SourceVersionDate "2013.12.19"]
[SourceQuality "1"]

1. d4 Nf6 2. c4 e6 3. g3 Bb4+ 4. Nc3 c5 5. e3 d5 6. dxc5 Nc6 7. a3 Bxc3+ 8. bxc3 Qa5 9. Bb2 Qxc5 10. Qb3 dxc4 11. Qxc4 Qb6 12. Rb1 0-0 13. Nf3 e5 14. Qb5 Qxb5 15. Bxb5 Bf5 16. Rc1 Be4 17. Bxc6 Bxc6 18. Ke2 Rfe8 19. Rhe1 Bd7 20. Kf1 b5 21. c4 bxc4 22. Nxe5 Bb5 23. Kg1 Rac8 24. Nf3 h6 25. Bxf6 gxf6 26. Nd4 a6 27. Rc3 Rcd8 28. Kf1 Rd5 29. f3 Kg7 30. Kf2 Kg6 31. h4 f5 32. f4 Kh5 33. Rb1 Rc5 34. Rb4 Rec8 35. a4 Bd7 36. Nf3 a5 37. Rb7 Bxa4 38. Ne5 f6 39. Nf3 Bb3 40. Rb6 R8c6 41. Rxc6 Rxc6 42. Nd4 Rb6 43. Ke2 Kg6 44. Kd2 a4 45. Kc1 Ba2 46. Rc2 Rb1+ 47. Kd2 Bb3 48. Kc3 Bxc2 49. Kxc2 Rb6 50. Ne2 Rb3 51. Nc3 a3 0-1

[Event "Las Palmas op 34th"]
[Site "Las Palmas"]
[Date "2013.12.05"]
[Round "4"]
[White "Schlittermann, Wolfgang"]
[Black "Sanchez Ramirez, Gustavo"]
[Result "1/2-1/2"]
[WhiteElo "1760"]
[BlackElo "1605"]
[PlyCount "214"]
[EventDate "2013.12.02"]
[EventType "swiss"]
[EventRounds "9"]
[EventCountry "ESP"]
[SourceTitle "CBM 157 Extra"]
[Source "ChessBase"]
[SourceDate "2013.12.19"]
[SourceVersion "1"]
[SourceVersionDate "2013.12.19"]
[SourceQuality "1"]

1. Nf3 d5 2. d4 Bf5 3. h3 e6 4. Nbd2 Bd6 5. c4 c6 6. cxd5 cxd5 7. Qb3 Qc7 8. e3 Nf6 9. Be2 0-0 10. Nh4 Bg6 11. Nxg6 hxg6 12. Nf3 Nc6 13. Bd2 Ne4 14. 0-0 f6 15. Rfc1 Kf7 16. Bb4 Rh8 17. Bxd6 Nxd6 18. Bb5 Rh6 19. Bxc6 bxc6 20. Qa4 Nc4 21. b3 Na5 22. Rc5 Nb7 23. Qxc6 Qxc6 24. Rxc6 Nd8 25. Rc7+ Ke8 26. Rac1 Rh7 27. Nh2 a5 28. Ng4 Nf7 29. Rc8+ Rxc8 30. Rxc8+ Kd7 31. Ra8 Nd6 32. Rxa5 Kc6 33. Ra6+ Kc7 34. a4 Rh8 35. b4 Rb8 36. b5 Rb6 37. Ra8 Rb7 38. Rg8 Kb6 39. Rd8 Nc4 40. Re8 Ka5 41. Rxe6 Kxa4 42. b6 Nxb6 43. Rd6 Kb4 44. Rd8 Kc4 45. Rh8 Kd3 46. Rh7 Rd7 47. h4 Ke4 48. f3+ Kf5 49. Nf2 Ke6 50. Rh8 Nc4 51. Nd1 Ra7 52. Kh2 Ra1 53. Nc3 Ra3 54. Nb5 Rxe3 55. Rd8 Rb3 56. Nc7+ Ke7 57. Rxd5 Ne3 58. Rb5 Rxb5 59. Nxb5 Ke6 60. Nc3 Nf5 61. d5+ Kd6 62. Kh3 Ne3 63. Nb5+ Kxd5 64. Nc7+ Ke5 65. Ne8 Ke6 66. Nc7+ Ke5 67. Kg3 Kd6 68. Ne8+ Kd7 69. Nxg7 Ke7 70. h5 Kf7 71. h6 Nd5 72. Ne6 Kg8 73. Nd8 Kh7 74. f4 Kxh6 75. Kg4 f5+ 76. Kf3 Kh5 77. Ne6 Nf6 78. Nd4 Ng4 79. Ne6 Nh2+ 80. Kg3 Ng4 81. Ng5 Ne3 82. Kf3 Ng4 83. Nf7 Nh2+ 84. Kf2 Ng4+ 85. Kg1 Ne3 86. Ne5 Ng4 87. Nd3 Nf6 88. Kh2 Ng4+ 89. Kh3 Nf6 90. Ne5 Ne4 91. g4+ fxg4+ 92. Nxg4 Nd6 93. Nf6+ Kh6 94. Kg4 Nf5 95. Ne4 Ne3+ 96. Kf3 Nf5 97. Nf6 Nd4+ 98. Kg4 Nf5 99. Ne4 Ne3+ 100. Kf3 Nf5 101. Nf6 Nd4+ 102. Ke4 Nf5 103. Ng4+ Kh5 104. Nf2 Ng3+ 105. Ke5 Nf5 106. Kf6 Nd4 107. Nd3 Ne2 1/2-1/2

[Event "Berlin Lichtenberger op 12th"]
[Site "Berlin"]
[Date "2013.08.18"]
[Round "2"]
[White "Schlittermann, Wolfgang"]
[Black "Kammler, Hans Joachim"]
[Result "1-0"]
[WhiteElo "1769"]
[BlackElo "1487"]
[PlyCount "57"]
[EventDate "2013.08.17"]
[EventType "swiss"]
[EventRounds "9"]
[EventCountry "GER"]
[SourceTitle "CBM 156 Extra"]
[Source "ChessBase"]
[SourceDate "2013.10.22"]
[SourceVersion "1"]
[SourceVersionDate "2013.10.22"]
[SourceQuality "1"]

1. Nf3 e6 2. c4 f5 3. d4 c6 4. Nc3 Nf6 5. Bg5 Bb4 6. Qc2 0-0 7. a3 Be7 8. g3 d5 9. cxd5 cxd5 10. Bg2 Ne4 11. Bxe7 Qxe7 12. 0-0 Nc6 13. e3 b6 14. Nxd5 exd5 15. Qxc6 Bb7 16. Qb5 Nd6 17. Qb4 Rf6 18. Ne5 Qe8 19. Rac1 Rc8 20. Rxc8 Qxc8 21. Qb3 Ne4 22. Re1 Kh8 23. Qd1 Qe6 24. Qa4 a6 25. Rc1 b5 26. Qa5 Nd6 27. Qd8+ Qe8 28. Qxe8+ Nxe8 29. Rc5 1-0

[Event "Las Palmas Insular-chT Primera-B"]
[Site "Las Palmas"]
[Date "2013.02.02"]
[Round "8.1"]
[White "Sanchez Montesdeoca, Isaac"]
[Black "Schlittermann, Wolfgang"]
[Result "0-1"]
[WhiteElo "1802"]
[BlackElo "1775"]
[PlyCount "105"]
[EventDate "2012.11.10"]
[EventType "team-tourn"]
[EventRounds "14"]
[EventCountry "ESP"]
[SourceTitle "EXT 2014"]
[Source "ChessBase"]
[SourceDate "2013.11.20"]
[SourceVersion "1"]
[SourceVersionDate "2013.11.20"]
[SourceQuality "1"]
[WhiteTeam "Piscolabis Oleaje San Andres "]
[BlackTeam "La Bagacera "]
[WhiteTeamCountry "ESP"]
[BlackTeamCountry "ESP"]

1. e4 c5 2. Nf3 Nc6 3. d4 cxd4 4. Nxd4 Qc7 5. Nc3 a6 6. Be3 e6 7. Qd2 Nf6 8. 0-0-0 Ng4 9. Be2 Nxe3 10. fxe3 Bb4 11. Bf3 Ne5 12. Nde2 Nc4 13. Qd4 e5 14. Qd3 Nb6 15. Nd5 Nxd5 16. exd5 d6 17. Qe4 Ba5 18. Nd4 0-0 19. Nf5 Bb6 20. g4 Bxf5 21. gxf5 Qc5 22. Rde1 f6 23. h4 Rac8 24. h5 h6 25. Re2 Qc4 26. Rh4 Qxa2 27. Qa4 Qxa4 28. Rxa4 Rc7 29. c4 Rfc8 30. b3 Rb8 31. e4 Bd4 32. Rc2 Rbc8 33. Be2 Rc5 34. Kd2 a5 35. Rca2 b6 36. b4 axb4 37. Rxb4 R5c7 38. Rba4 Bc5 39. Kd3 Bd4 40. Rb4 Bc5 41. Rba4 Bd4 42. Bd1 Rc5 43. Bb3 b5 44. Rb4 bxc4+ 45. Bxc4 R5c7 46. Ra6 Bc5 47. Rba4 Rb7 48. Rc6 Rcb8 49. Raa6 Rb1 50. Rc7 Rh1 51. Rac6 Rb2 52. Bb3 Rxb3+ 53. Kc2 0-1

[Event "Gran Canaria Cabildo op"]
[Site "Gran Canaria"]
[Date "2013.01.17"]
[Round "3"]
[White "Suarez Buceta, Melquiades"]
[Black "Schlittermann, Wolfgang"]
[Result "0-1"]
[WhiteElo "1459"]
[BlackElo "1776"]
[PlyCount "115"]
[EventDate "2013.01.10"]
[EventType "swiss"]
[EventRounds "7"]
[EventCountry "ESP"]
[SourceTitle "CBM 152 Extra"]
[Source "ChessBase"]
[SourceDate "2013.02.25"]
[SourceVersion "1"]
[SourceVersionDate "2013.02.25"]
[SourceQuality "1"]

1. c4 g6 2. Nc3 Bg7 3. d4 e6 4. g3 Nc6 5. e3 d5 6. cxd5 exd5 7. Bg2 Nf6 8. Nge2 0-0 9. 0-0 Bf5 10. a3 Re8 11. Nf4 Ne7 12. Qb3 Rb8 13. Ncxd5 Nfxd5 14. Nxd5 Nxd5 15. Bxd5 Be6 16. Bxe6 Rxe6 17. Bd2 Rb6 18. Qa2 Rd6 19. Rac1 b6 20. b4 Rd5 21. Rc6 Rd6 22. Rfc1 Rxc6 23. Rxc6 Qd7 24. Qc2 Rc8 25. Qc4 Bf8 26. e4 Bg7 27. d5 Be5 28. Bc3 Qe7 29. Bxe5 Qxe5 30. d6 b5 31. Qc2 Qa1+ 32. Kg2 Qd4 33. Rxc7 Rd8 34. Rc5 Rxd6 35. Rxb5 Re6 36. Rd5 Qb6 37. Rc5 Qa6 38. Qc3 Re8 39. Ra5 Qb7 40. Re5 Rc8 41. Qb2 a5 42. f3 axb4 43. Qxb4 Rc2+ 44. Kh3 Qc8+ 45. g4 h5 46. Kg3 hxg4 47. fxg4 Rc3+ 48. Kf4 Rc1 49. Qb5 Qc7 50. Qe8+ Kg7 51. Qe7 Rf1+ 52. Kg5 Qc1+ 53. Kh4 Qh6+ 54. Kg3 Rg1+ 55. Kf3 Qxh2 56. Rd5 Rg3+ 57. Kf4 Rd3+ 58. Kg5 0-1

[Event "Las Palmas Insular-chT Primera-B"]
[Site "Las Palmas"]
[Date "2012.12.15"]
[Round "4.1"]
[White "Schlittermann, Wolfgang"]
[Black "Pujales Llanos, Jose Manuel"]
[Result "1/2-1/2"]
[WhiteElo "1775"]
[BlackElo "1907"]
[PlyCount "94"]
[EventDate "2012.11.10"]
[EventType "team-tourn"]
[EventRounds "14"]
[EventCountry "ESP"]
[SourceTitle "EXT 2014"]
[Source "ChessBase"]
[SourceDate "2013.11.20"]
[SourceVersion "1"]
[SourceVersionDate "2013.11.20"]
[SourceQuality "1"]
[WhiteTeam "La Bagacera "]
[BlackTeam "Canarias Las Palmas "]
[WhiteTeamCountry "ESP"]
[BlackTeamCountry "ESP"]

1. Nf3 Nf6 2. c4 c5 3. Nc3 g6 4. g3 b6 5. Bg2 Bb7 6. b3 Bg7 7. 0-0 d5 8. cxd5 Nxd5 9. Bb2 Nxc3 10. Bxc3 Bxc3 11. dxc3 0-0 12. Qxd8 Rxd8 13. Rad1 Na6 14. Ne5 Bxg2 15. Kxg2 Kf8 16. Rd3 Rxd3 17. Nxd3 Rd8 18. Rd1 f6 19. Nb2 Rxd1 20. Nxd1 e5 21. e4 Kf7 22. f4 Ke6 23. Kf3 Nc7 24. a4 a6 25. Ne3 b5 26. axb5 Nxb5 27. Nd1 f5 28. exf5+ gxf5 29. fxe5 Kxe5 30. Ke3 a5 31. Kd3 Nd6 32. Ne3 Ne4 33. Nc4+ Kd5 34. Nxa5 Nf2+ 35. Ke2 Ne4 36. Kd3 Nf2+ 37. Ke3 Ng4+ 38. Kf4 Nxh2 39. Kxf5 Nf3 40. Nc4 Ng1 41. Ne3+ Kd6 42. b4 Ne2 43. bxc5+ Kxc5 44. g4 Nxc3 45. Kf6 Ne4+ 46. Kg7 Kd4 47. Nf5+ Ke5 1/2-1/2